| 000 | 00898cam a2200325 i 4500 | ||
|---|---|---|---|
| 001 | 0000865 | ||
| 003 | DO-SdBNP | ||
| 005 | 20180215111806.0 | ||
| 007 | 0000865 | ||
| 008 | 100514s 1990 sp a | |||| 000 f spa | ||
| 015 | _a | ||
| 017 |
_a _b |
||
| 020 | _a8420738476 | ||
| 035 | _a | ||
| 040 |
_aBPMSU _bspa _cBPMSU _e |
||
| 080 | _a | ||
| 100 | 1 | _aBarber, Antonia | |
| 240 | 1 | _aSatchelmouse and the banquet / | |
| 245 | 1 | 0 |
_aColilargo, y el banquete / _h _cAntonia Barber ; ilustración Claudio Muñoz ; traducción Juan Manuel Ibeas |
| 260 |
_aMadrid : _bAnaya, _c1990. |
||
| 300 |
_a[26] p.: _bil. _c24 cm. |
||
| 490 | 1 | _aFácil de leer | |
| 521 | _aA partir de 6 años. | ||
| 700 | 1 | 2 |
_aMuñoz, Claudio _eil. |
| 700 | 1 | 2 |
_aIbeas, Juan Manuel _etrad. |
| 830 | 0 | _aFácil de leer | |
| 942 |
_2ddc _cBK |
||
| 945 | _aInventariado, 2018 / BT | ||
| 956 |
_aYLOCKWARD _810 _cBPMSU |
||
| 999 |
_c12255 _d12255 |
||